=LDR 00000nam 2200000 4500 =001 INLIS000000000028529 =005 20200615014619 =035 ##$$a 0010-061300000028529 =008 200615################g##########0#ind## =041 ##$$a ind =082 ##$$a 2x0 =090 ##$$a 2x0f, SUA p =100 1#$$a Suardi, Dedy =245 1#$$a Pupus haru di sajadah biru /$c Dedy Suardi =260 ##$$a Bandung :$b Rineka Cipta,$c 1990 =300 ##$$a 200 hlm. : $b ilus. ; $c 14 x 21 cm =650 #4$$a Pemikiran Islam =850 ##$$a NBPNMAT =084 ##$$a 2x0 SUA p =250 ##$$a cet.1 =990 ##$$a 6.351/Pro.91 =990 ##$$a 39.627/ Pro- 91 =990 ##$$a 6.351/Pro.91 =990 ##$$a 39.627/ Pro- 91 =990 ##$$a 39.627/ Pro- 91 =990 ##$$a 6.351/Pro.91